000 00726nam a2200229 a 4500
001 47865
003 BD-RjUL
005 20211209054417.0
008 160725s1964 bg ||||| |||b 00| 0 ben d
020 _c: Tk. 2.00
035 _a(BD-RjUL)47984
040 _aBD-RjUL
_bben
_cBD-RjUL
_dBD-RjUL
041 _aben
082 _223
_a891.43915
_bIQB 1964
245 0 _aইকবাল মানস
260 _aঢাকা :
_bপাকিস্তান পাবলিকেশন্স,
_c১৯৬৪
300 _a১৩৬ পৃ. :
_bচিত্র :
_c২৩ সেমি.
600 _aIqbal, Muhammad,
_cSir,
_d1877-1938.
_9148363
650 _aReligion
_9148353
650 _aIslam
_9148354
942 _2ddc
_cBK
_01
999 _c47865
_d47865